000 00360nam a2200133Ia 4500
008 150202s9999 xx 000 0 und d
020 _a812534832
050 _aFIC
_bFIC
100 _aPiers, Anthony.
245 _aDemons don't dream /
_cAnthony Piers.
260 _aNew York :
_bStripped Books,
_c1993.
300 _a340 pages :
_c18 cm.
650 _aFiction.
999 _c281837
_d281837